00301 a2200121 4500001000700000020001800007040003500025100002200060240004100082245003600123300001100159362000900170156791 a9788573195156 cEscola São Tomás de Aquino aAGUIRRE, Sérgio10aOs vizinhos morrem nos romanceslpor10aOs vizinhos morrem nos romances a128 p.0 a2009